000 00427nab a2200145Ia 4500
003 ES-SlBCS
005 20210601134624.0
008 140529s1988 xxu||||| |||| 00| 0 spa d
041 _aspa
100 1 _aMenini, Marino
_9220406
245 0 0 _aDatos históricos biográficos de Juan Bosco
_c Marino Menini
600 1 4 _aJuan Bosco
_c, Santo
_914488
773 0 _tAnthropos
_gvol. 9, nº. 17, 1988, págs. 7-19
_wRev38
942 _cAR
999 _c615430
_d615430